[Event "21st European Teams Women"]
[Site "Hersonissos GRE"]
[Date "2017.11.03"]
[Round "6.14"]
[Board "1"]
[White "Nazarova, Anastasia"]
[Black "Sahl, Sheila Barth"]
[Result "1-0"]
[WhiteTitle "WCM"]
[BlackTitle "WIM"]
[WhiteElo "1997"]
[BlackElo "2180"]
[WhiteTeam "Finland"]
[BlackTeam "Norway"]
[WhiteFideId "34101737"]
[BlackFideId "1500953"]
[EventDate "2017.10.28"]

1. e4 c5 2. Nf3 d6 3. d4 cxd4 4. Nxd4 Nf6 5. Nc3 a6 6. Be3 e5 7. Nb3 Be6 8. f3
h5 9. Qd2 Nbd7 10. O-O-O b5 11. Kb1 Rc8 12. Qf2 Qc7 13. h3 Be7 14. Bd3 b4 15.
Ne2 a5 16. g4 Nc5 17. Nxc5 dxc5 18. Bb5+ Kf8 19. g5 Ne8 20. Bxe8 Rxe8 21. f4 Bc4
22. Ng3 g6 23. f5 Kg8 24. h4 Ba6 25. Rd2 c4 26. Rhd1 c3 27. Rd7 Qc6 28. Bb6 cxb2
29. Rc7 Qa4 30. Rd5 Rh7 31. Rxa5 Qa3 32. Rxa3 bxa3 33. Rd7 Bc4 34. Bc5 Rb8 35.
Rd1 Bd8 36. fxg6 Rg7 37. Nf5 Rxg6 38. Nh6+ Kg7 39. Nf5+ Kh7 40. Nd6 Be6 41. Bxa3
Bb6 42. Bc5 Bxc5 43. Qxc5 Rgg8 44. c4 Rgd8 45. Rd2 Rbc8 46. Qxe5 Rc6 47. g6+ 1-0

[Event "21st European Teams Women"]
[Site "Hersonissos GRE"]
[Date "2017.11.03"]
[Round "6.14"]
[Board "2"]
[White "Machlik, Monika"]
[Black "Dannenberg, Alia"]
[Result "1-0"]
[WhiteElo "2037"]
[BlackElo "1975"]
[WhiteTeam "Norway"]
[BlackTeam "Finland"]
[WhiteFideId "1513621"]
[BlackFideId "504688"]
[EventDate "2017.10.28"]

1. e4 d5 2. exd5 Qxd5 3. Nf3 Bg4 4. Be2 e5 5. Nc3 Qe6 6. O-O Nd7 7. d4 Bxf3 8.
Bxf3 O-O-O 9. Re1 Qb6 10. Be3 exd4 11. Bxd4 c5 12. Be3 Ne5 13. Qe2 Nxf3+ 14.
Qxf3 Qf6 15. Bf4 Nh6 16. Qh3+ Qf5 17. Nb5 b6 18. Qf3 Qd5 19. Qxd5 Rxd5 20. Nxa7+
Kb7 21. Nb5 g5 22. c4 Rf5 23. Bd6 Ka6 24. Re3 Bg7 25. Ra3+ Kb7 26. Ra7+ Kc8 27.
Re1 Rf6 28. Rc7+ Kb8 29. Rd7+ Kc8 30. Ree7 Rxd6 31. Nxd6+ Kb8 32. Rb7+ Ka8 33.
Ra7+ 1-0

[Event "21st European Teams Women"]
[Site "Hersonissos GRE"]
[Date "2017.11.03"]
[Round "6.14"]
[Board "3"]
[White "Puuska, Heini"]
[Black "Machlik, Edit"]
[Result "1/2-1/2"]
[WhiteTitle "WFM"]
[WhiteElo "1947"]
[BlackElo "2030"]
[WhiteTeam "Finland"]
[BlackTeam "Norway"]
[WhiteFideId "502324"]
[BlackFideId "1513591"]
[EventDate "2017.10.28"]

1. d4 Nf6 2. Nf3 e6 3. Bf4 c5 4. c3 d5 5. e3 a6 6. a4 Nc6 7. Nbd2 Bd6 8. Bg3 O-O
9. Bd3 h6 10. O-O Bxg3 11. hxg3 Qd6 12. dxc5 Qxc5 13. e4 dxe4 14. Nxe4 Nxe4 15.
Bxe4 Rd8 16. Qe2 Bd7 17. Rfd1 Rab8 18. Rd2 Be8 19. Rad1 Rxd2 20. Rxd2 Qa5 21.
Bc2 Rd8 22. b4 Rxd2 23. Nxd2 Qd5 24. Ne4 Qe5 25. f4 Qc7 26. Qd3 Qd8 27. Nd6 Qb6+
28. Kh2 Kf8 29. Qh7 Bd7 30. Qh8+ Ke7 31. Nc8+ Bxc8 32. Qxc8 Nd8 33. Be4 g6 34.
a5 Qa7 35. Qc7+ Ke8 36. g4 Qf2 37. Bf3 Qh4+ 38. Kg1 Qe1+ 39. Kh2 Qh4+ 1/2-1/2

[Event "21st European Teams Women"]
[Site "Hersonissos GRE"]
[Date "2017.11.03"]
[Round "6.14"]
[Board "4"]
[White "Rodsmoen, Maud"]
[Black "Rinne, Heini"]
[Result "1-0"]
[WhiteTitle "WFM"]
[WhiteElo "1972"]
[BlackElo "1765"]
[WhiteTeam "Norway"]
[BlackTeam "Finland"]
[WhiteFideId "1510550"]
[BlackFideId "513423"]
[EventDate "2017.10.28"]

1. e4 c6 2. d4 d5 3. Nc3 dxe4 4. Nxe4 Bf5 5. Ng3 Bg6 6. h4 h6 7. Nh3 Nf6 8. Nf4
Bh7 9. Bc4 e6 10. O-O Nd5 11. Bxd5 cxd5 12. Qh5 Qf6 13. Re1 Kd8 14. c4 Bd6 15.
Qg4 Bf5 16. Nxf5 exf5 17. Qf3 Nc6 18. Qxd5 Nb4 19. Qa5+ b6 20. Qa4 Rc8 21. a3
Nc6 22. Be3 Qxh4 23. g3 Qg4 24. c5 Bxf4 25. Bxf4 g5 26. Be5 Rg8 27. Qb3 Nxe5 28.
Rxe5 f4 29. Qxf7 1-0

[Event "21st European Teams Women"]
[Site "Hersonissos GRE"]
[Date "2017.11.03"]
[Round "6.15"]
[Board "1"]
[White "Repkova, Eva"]
[Black "Stojkovska, Monika"]
[Result "1-0"]
[WhiteTitle "IM"]
[BlackTitle "WFM"]
[WhiteElo "2323"]
[BlackElo "2088"]
[WhiteTeam "Slovakia"]
[BlackTeam "FYROM"]
[WhiteFideId "14900440"]
[BlackFideId "15002594"]
[EventDate "2017.10.28"]

1. e4 e6 2. d3 d5 3. Nd2 Nf6 4. Ngf3 Be7 5. g3 c5 6. Bg2 Nc6 7. O-O Qc7 8. Re1
O-O 9. e5 Nd7 10. Qe2 b6 11. Nf1 f6 12. exf6 Nxf6 13. Bh3 e5 14. Bxc8 Qxc8 15.
Nxe5 Nd4 16. Qd1 Bd6 17. c3 Bxe5 18. Rxe5 Ng4 19. cxd4 Nxf2 20. Qe2 Nh3+ 21. Kg2
Rf2+ 22. Qxf2 Nxf2 23. Kxf2 cxd4 24. Kg1 Qc2 25. Bf4 Qxd3 26. Rc1 Qg6 27. Rc7
Re8 28. Rxd5 d3 29. Rd6 Re6 30. Rdd7 Re1 31. Rxa7 Qc6 32. Rd8+ Re8 33. Rxd3 h6
34. Rc7 Qg6 35. Rdd7 Re1 36. Rxg7+ Qxg7 37. Rxg7+ Kxg7 38. Kf2 Ra1 39. a3 Kg6
40. Ke2 Rb1 41. Be5 Kf5 42. Bd4 b5 43. h3 h5 44. Bc3 Kg5 45. Bd2+ Kg6 46. Bc3
Kg5 47. Ne3 h4 48. gxh4+ Kxh4 49. Nf5+ Kxh3 50. Nd6 b4 51. axb4 Rg1 52. b5 Rg6
53. Nc4 Rg5 54. b6 Rb5 55. Bd4 Rb4 56. Kd3 1-0

[Event "21st European Teams Women"]
[Site "Hersonissos GRE"]
[Date "2017.11.03"]
[Round "6.15"]
[Board "2"]
[White "Nikolovska, Dragana"]
[Black "Cibickova, Zuzana"]
[Result "0-1"]
[BlackTitle "WGM"]
[WhiteElo "1854"]
[BlackElo "2290"]
[WhiteTeam "FYROM"]
[BlackTeam "Slovakia"]
[WhiteFideId "15000133"]
[BlackFideId "14905779"]
[EventDate "2017.10.28"]

1. e4 e5 2. Nf3 Nc6 3. Bb5 a6 4. Ba4 Nf6 5. d3 d6 6. Bxc6+ bxc6 7. O-O Be7 8.
Re1 c5 9. Nbd2 O-O 10. Nf1 Re8 11. Ng3 Bf8 12. h3 g6 13. c4 Nd7 14. Nh2 Bg7 15.
Ng4 h5 16. Nh6+ Kf8 17. Qf3 Qf6 18. Nhf5 h4 19. Qg4 hxg3 20. Bg5 Qe6 21. fxg3
Nf6 22. Qh4 gxf5 23. exf5 Qxf5 24. Rf1 Qh7 25. Bxf6 Qxh4 26. Bxh4 e4 27. dxe4
Rxe4 28. Rf3 Bxb2 29. Raf1 Be6 0-1

[Event "21st European Teams Women"]
[Site "Hersonissos GRE"]
[Date "2017.11.03"]
[Round "6.15"]
[Board "3"]
[White "Vrbova, Niki"]
[Black "Bejatovic, Bojana"]
[Result "0-1"]
[WhiteTitle "WFM"]
[WhiteElo "2188"]
[BlackElo "2035"]
[WhiteTeam "Slovakia"]
[BlackTeam "FYROM"]
[WhiteFideId "14906341"]
[BlackFideId "15000141"]
[EventDate "2017.10.28"]

1. e4 e5 2. Nf3 Nf6 3. d4 exd4 4. e5 Ne4 5. Qxd4 d5 6. exd6 Nxd6 7. Nc3 Nc6 8.
Qf4 g6 9. Be3 Bg7 10. O-O-O O-O 11. h4 h5 12. Nd5 Bg4 13. Bd3 a5 14. Kb1 a4 15.
a3 Ra5 16. Nb4 Ne5 17. Be2 c6 18. Rd2 Qc7 19. Rhd1 Nf5 20. Ng5 Nxe3 21. Qxe3 Bf5
22. f3 Raa8 23. Qf4 Qe7 24. g4 Be6 25. gxh5 gxh5 26. Rg1 Ng6 27. Qe4 Qf6 28. Nd3
Bf5 29. Qb4 Rfd8 30. Ne4 Qxh4 31. Ndc5 Rxd2 32. Qxd2 b6 33. Nd3 Qe7 34. Ng3 Bxd3
35. Bxd3 Qf6 36. c3 Qxf3 37. Nf5 Rd8 38. Rg3 Qxf5 0-1

[Event "21st European Teams Women"]
[Site "Hersonissos GRE"]
[Date "2017.11.03"]
[Round "6.15"]
[Board "4"]
[White "Koskoska, Gabriela"]
[Black "Motycakova, Monika"]
[Result "1-0"]
[WhiteTitle "WIM"]
[BlackTitle "WFM"]
[WhiteElo "2018"]
[BlackElo "2143"]
[WhiteTeam "FYROM"]
[BlackTeam "Slovakia"]
[WhiteFideId "15000630"]
[BlackFideId "14909626"]
[EventDate "2017.10.28"]

1. c4 e5 2. g3 Nf6 3. Bg2 d5 4. cxd5 Nxd5 5. Nf3 Nc6 6. O-O Nb6 7. d3 Be7 8.
Nbd2 O-O 9. a3 a5 10. b3 Re8 11. Bb2 Bf8 12. Rc1 Nd4 13. Nxe5 Rxe5 14. e3 Nxb3
15. Nxb3 Rb5 16. Qc2 c6 17. Nd4 Rh5 18. Rb1 a4 19. Ne2 Be6 20. Nf4 Bb3 21. Qe2
Rh6 22. h4 Ra5 23. Rfc1 Bd6 24. Nh3 Qe7 25. Qg4 Rg6 26. Qd4 Nd5 27. h5 Rf6 28.
Qg4 Qe6 29. Qh4 Be5 30. Ng5 Qf5 31. Ne4 Rb5 32. Nxf6+ Nxf6 33. d4 Bd6 34. e4
Qxh5 35. e5 Qg6 36. exd6 Ba2 37. d5 Bxb1 38. Bxf6 Bf5 39. dxc6 gxf6 40. d7 Bxd7
41. cxd7 1-0

[Event "21st European Teams Women"]
[Site "Hersonissos GRE"]
[Date "2017.11.03"]
[Round "6.16"]
[Board "1"]
[White "Makka, Ioulia"]
[Black "Milovic, Aleksandra"]
[Result "1-0"]
[WhiteTitle "WIM"]
[BlackTitle "WIM"]
[WhiteElo "2182"]
[BlackElo "2191"]
[WhiteTeam "Greece 2"]
[BlackTeam "Montenegro"]
[WhiteFideId "4205316"]
[BlackFideId "933988"]
[EventDate "2017.10.28"]

1. e4 d5 2. exd5 Qxd5 3. Nc3 Qd8 4. d4 Nf6 5. Nf3 Bg4 6. h3 Bxf3 7. Qxf3 c6 8.
Qd3 e6 9. Bd2 Na6 10. a3 Nc7 11. g4 Ncd5 12. Ne2 Bd6 13. c4 Ne7 14. f4 h5 15. g5
Nd7 16. Bg2 g6 17. b4 Rc8 18. Nc3 b6 19. Ne4 Bb8 20. O-O Nf5 21. Bc3 O-O 22. Bb2
Kh7 23. Rad1 Qe7 24. Rde1 Qd8 25. Ba1 Rg8 26. Qd2 Bd6 27. Nxd6 Nxd6 28. Qd3 b5
29. cxb5 Nxb5 30. Rc1 Qb6 31. Rf2 Nd6 32. Rfc2 Nb8 33. Kh2 Nf5 34. b5 Ne7 35.
bxc6 Nbxc6 36. Rc5 Nd5 37. Bxd5 exd5 38. Qc3 Ne7 39. Re1 Qd6 40. Qe3 Nf5 41. Qc1
Qa6 42. Re5 Qd3 43. Qc3 Qxc3 44. Bxc3 Rxc5 45. dxc5 d4 46. Bb4 Rc8 47. Rd5 Kg7
48. Kg1 Rc6 49. Kf2 Kf8 50. Rd7 a6 51. Rb7 Ke8 52. Ra7 Ng7 53. Kf3 Ne6 54. Ke4
d3 55. Kxd3 Nxf4+ 56. Ke4 Nxh3 57. Kd5 Rc8 58. c6 Nxg5 59. Re7+ Kd8 60. Kd6 Ne6
61. Ba5+ 1-0

[Event "21st European Teams Women"]
[Site "Hersonissos GRE"]
[Date "2017.11.03"]
[Round "6.16"]
[Board "2"]
[White "Stojanovic, Marija R"]
[Black "Makka, Evanthia"]
[Result "1/2-1/2"]
[WhiteTitle "WIM"]
[WhiteElo "2102"]
[BlackElo "2095"]
[WhiteTeam "Montenegro"]
[BlackTeam "Greece 2"]
[WhiteFideId "931411"]
[BlackFideId "4207513"]
[EventDate "2017.10.28"]

1. e4 d5 2. exd5 Qxd5 3. Nc3 Qa5 4. d4 Nf6 5. Nf3 Bf5 6. Bd3 e6 7. Qe2 Bxd3 8.
Qxd3 c6 9. Bd2 Qc7 10. Ne4 Nxe4 11. Qxe4 Nd7 12. c4 Be7 13. Bc3 Bf6 14. O-O O-O
15. Rac1 Rfd8 16. Rfd1 Nf8 17. Rd3 Rd7 18. Rcd1 Rad8 19. Ne5 Bxe5 20. dxe5 c5
21. a3 h6 22. g3 Ng6 23. Rxd7 Rxd7 24. Rxd7 Qxd7 25. Kg2 Ne7 26. b4 b6 27. b5
Nf5 28. a4 g6 29. a5 Kg7 30. a6 h5 31. Ba5 Qc7 32. Qb7 Qxe5 33. Bxb6 Qe2 34.
Bxc5 Nh4+ 35. gxh4 Qg4+ 36. Kh1 Qd1+ 37. Kg2 Qg4+ 38. Kh1 Qd1+ 1/2-1/2

[Event "21st European Teams Women"]
[Site "Hersonissos GRE"]
[Date "2017.11.03"]
[Round "6.16"]
[Board "3"]
[White "Skaraki, Antigoni"]
[Black "Koljevic, Nikolina"]
[Result "1-0"]
[WhiteElo "1992"]
[BlackElo "1837"]
[WhiteTeam "Greece 2"]
[BlackTeam "Montenegro"]
[WhiteFideId "4222970"]
[BlackFideId "16503945"]
[EventDate "2017.10.28"]

1. e4 c5 2. Nf3 e6 3. g3 d5 4. exd5 exd5 5. Bg2 Nf6 6. O-O Be7 7. d4 O-O 8. Nc3
Nc6 9. dxc5 Bxc5 10. Bg5 d4 11. Bxf6 Qxf6 12. Ne4 Qe7 13. Re1 Bg4 14. h3 Bxf3
15. Qxf3 Bb6 16. Qh5 h6 17. a3 Qd7 18. Qxh6 Qf5 19. Qh4 d3 20. g4 Qg6 21. cxd3
Bd8 22. Qg3 Nd4 23. Rac1 Qh6 24. Qe3 Qb6 25. b4 Ne6 26. Qxb6 Bxb6 27. Nc5 Rad8
28. Bxb7 Nf4 29. Be4 Nxh3+ 30. Kf1 Nf4 31. Rc3 Ne6 32. Rec1 Nd4 33. a4 Ne6 34.
a5 Nxc5 35. bxc5 Bxa5 36. Ra3 Bb4 37. Rxa7 Rc8 38. c6 Bd6 39. Rb1 g6 40. Rbb7
Bc5 41. Ra5 Bd6 42. d4 Rc7 43. Rxc7 Bxc7 44. Ra7 Rc8 45. Bd5 g5 46. Bc4 Kf8 47.
f3 Ke7 48. Ba6 1-0

[Event "21st European Teams Women"]
[Site "Hersonissos GRE"]
[Date "2017.11.03"]
[Round "6.16"]
[Board "4"]
[White "Delevic, Nina"]
[Black "Vozinaki, Anthi - Maria"]
[Result "0-1"]
[WhiteElo "1745"]
[BlackElo "1989"]
[WhiteTeam "Montenegro"]
[BlackTeam "Greece 2"]
[WhiteFideId "939650"]
[BlackFideId "4263898"]
[EventDate "2017.10.28"]

1. d4 Nf6 2. Nf3 e6 3. c4 d5 4. Nc3 c6 5. e3 Nbd7 6. Bd3 dxc4 7. Bxc4 b5 8. Bd3
Bb7 9. e4 b4 10. Na4 c5 11. Bg5 Be7 12. e5 Nd5 13. Bxe7 Qxe7 14. Nxc5 Nxc5 15.
dxc5 Qxc5 16. Rc1 Qa5 17. O-O Nf4 18. Bc4 O-O 19. Qd4 Ng6 20. Rfe1 Rfd8 21. Qe3
Rac8 22. Ng5 Nxe5 23. Qf4 Nxc4 24. Qxf7+ Kh8 25. Nxe6 Rg8 26. Qxb7 Rb8 27. Qe7
Rbe8 28. Qh4 Nxb2 29. Ng5 h6 30. Nf7+ Kh7 31. Re7 Rxe7 32. Qxe7 Qf5 33. Qxa7 Nd3
34. Rf1 Rf8 35. Nd6 Qe5 36. Nc4 Qe4 37. Nd2 Qe2 38. Nf3 Qe4 39. Qd7 Nf4 40. Re1
Qg6 41. Nh4 Qf6 42. Nf3 Qc3 43. Qe7 Kg8 44. Qe3 Kh8 45. Ne5 Ra8 46. Qe4 Rxa2 47.
Nf7+ Kg8 48. Qe8+ Kh7 49. Qe4+ g6 50. g3 Nh3+ 51. Kg2 Rxf2+ 52. Kxh3 Rxf7 53.
Qe6 Qf3 54. Qe3 Qf5+ 55. Kg2 Qd5+ 56. Qe4 Qxe4+ 57. Rxe4 Rb7 58. Re2 b3 59. Rb2
Kg7 60. Kf3 Kf6 61. Ke4 Rb4+ 62. Kd3 Kf5 63. h3 Rb8 64. Rf2+ Kg5 65. Kc3 b2 66.
Rxb2 Rxb2 67. Kxb2 Kf5 68. Kc2 Ke4 69. Kd2 Kf3 70. g4 Kg3 71. g5 hxg5 72. Ke2
Kxh3 73. Kf2 g4 74. Kg1 g3 75. Kh1 g2+ 0-1

[Event "21st European Teams Women"]
[Site "Hersonissos GRE"]
[Date "2017.11.04"]
[Round "7.1"]
[Board "3"]
[White "Gunina, Valentina"]
[Black "Di Benedetto, Desiree"]
[Result "1-0"]
[WhiteTitle "GM"]
[BlackTitle "FM"]
[WhiteElo "2502"]
[BlackElo "2190"]
[WhiteTeam "Russia"]
[BlackTeam "Italy"]
[WhiteFideId "4167570"]
[BlackFideId "875813"]
[EventDate "2017.10.28"]

1. d4 d5 2. c4 e6 3. Nf3 Nf6 4. g3 Bb4+ 5. Bd2 Be7 6. Bg2 O-O 7. O-O c6 8. Qc2
Nbd7 9. Bf4 Ne4 10. Nc3 g5 11. Bc1 f5 12. Nd2 Bf6 13. Ndxe4 dxe4 14. Rd1 Nb6 15.
a4 a5 16. b3 Qc7 17. Kh1 Qg7 18. Be3 Nd7 19. Rac1 Nb8 20. f3 exf3 21. exf3 Na6
22. f4 Nb4 23. Qd2 g4 24. d5 exd5 25. cxd5 Re8 26. Bc5 Nxd5 27. Nxd5 cxd5 28.
Bxd5+ Kh8 29. Bd6 Be6 30. Rc7 Qh6 31. Bxb7 Rad8 32. Bc6 Rg8 33. Rb7 Rc8 34. Bc7
Bxb3 35. Re1 Bf7 36. Qxa5 Be8 37. Bd5 Rg7 38. Qa6 Qg6 39. Qb6 Bc3 40. Re6 Qh5
41. Rh6 Rg6 42. Rxh5 Rxb6 43. Be5+ 1-0

[Event "21st European Teams Women"]
[Site "Hersonissos GRE"]
[Date "2017.11.04"]
[Round "7.1"]
[Board "4"]
[White "Gueci, Tea"]
[Black "Girya, Olga"]
[Result "1/2-1/2"]
[WhiteTitle "WFM"]
[BlackTitle "WGM"]
[WhiteElo "2161"]
[BlackElo "2505"]
[WhiteTeam "Italy"]
[BlackTeam "Russia"]
[WhiteFideId "872342"]
[BlackFideId "4195752"]
[EventDate "2017.10.28"]

1. e4 c6 2. d4 d5 3. e5 Bf5 4. h4 h5 5. c4 e6 6. Nc3 Ne7 7. Nge2 Nd7 8. Ng3 Bg6
9. cxd5 Nxd5 10. Be2 Qa5 11. Bd2 O-O-O 12. Nxd5 Qxd5 13. Bc3 Be7 14. Bf3 Qc4 15.
Be2 Qd5 16. Bf3 Qc4 17. Be2 Qd5 1/2-1/2

[Event "21st European Teams Women"]
[Site "Hersonissos GRE"]
[Date "2017.11.04"]
[Round "7.2"]
[Board "1"]
[White "Vega Gutierrez, Sabrina"]
[Black "Dzagnidze, Nana"]
[Result "0-1"]
[WhiteTitle "IM"]
[BlackTitle "GM"]
[WhiteElo "2405"]
[BlackElo "2520"]
[WhiteTeam "Spain"]
[BlackTeam "Georgia"]
[WhiteFideId "2219026"]
[BlackFideId "13601903"]
[EventDate "2017.10.28"]

1. e4 c5 2. Nf3 e6 3. d3 Nc6 4. g3 Nge7 5. Bg2 g6 6. O-O Bg7 7. c3 d5 8. Nbd2
O-O 9. Re1 d4 10. cxd4 cxd4 11. e5 Rb8 12. Nb3 b6 13. Bf4 Bb7 14. Qd2 a5 15. Re4
Qd7 16. a3 a4 17. Nc1 Na5 18. Rxd4 Bd5 19. Rb4 Nac6 20. Rxa4 b5 21. Re4 Bxe4 22.
dxe4 Qxd2 23. Bxd2 Nxe5 24. Nxe5 Bxe5 25. Bb4 Rfe8 26. Nd3 Bd4 27. a4 bxa4 28.
Rxa4 Nc6 29. Ba3 Red8 30. Bf1 Ne5 31. Nb4 Rbc8 32. Kg2 Bc5 33. Na6 Bxa3 34. bxa3
Rd2 35. Nb4 Ng4 36. Nd3 Ne3+ 0-1

[Event "21st European Teams Women"]
[Site "Hersonissos GRE"]
[Date "2017.11.04"]
[Round "7.2"]
[Board "2"]
[White "Batsiashvili, Nino"]
[Black "Garcia Martin, Marta"]
[Result "1-0"]
[WhiteTitle "IM"]
[BlackTitle "FM"]
[WhiteElo "2472"]
[BlackElo "2315"]
[WhiteTeam "Georgia"]
[BlackTeam "Spain"]
[WhiteFideId "13602993"]
[BlackFideId "32084030"]
[EventDate "2017.10.28"]

1. d4 d5 2. Bf4 Nf6 3. e3 c5 4. c3 Nc6 5. Nd2 cxd4 6. exd4 Bf5 7. Qb3 Qc8 8.
Ngf3 e6 9. Nh4 Be4 10. Nxe4 dxe4 11. g3 Be7 12. Ng2 O-O 13. Be2 Nd5 14. Bd2 Qd7
15. O-O Rac8 16. Rae1 a6 17. Bc1 b5 18. a3 Rfd8 19. f3 exf3 20. Bxf3 a5 21. Bg4
Nf6 22. Bh3 Qd5 23. Qd1 Qh5 24. Qxh5 Nxh5 25. d5 Rxd5 26. Rxf7 Bc5+ 27. Kf1 Re8
28. Bxe6 Rxe6 29. Rxe6 Nd8 30. Rfe7 Nxe6 31. Rxe6 Kf7 32. Re2 Nf6 33. Be3 Bf8
34. Bd4 b4 35. Ne3 Rd7 36. Nc4 Rd5 37. axb4 axb4 38. Ne5+ Kg8 39. Kg2 bxc3 40.
bxc3 Bc5 41. Bxc5 Rxc5 42. c4 Kf8 43. Kf3 Rc7 44. Ke3 Ke7 45. Kd4 Nd7 46. Nxd7+
Kxd7 47. Kd5 Ra7 48. Rf2 1-0

[Event "21st European Teams Women"]
[Site "Hersonissos GRE"]
[Date "2017.11.04"]
[Round "7.2"]
[Board "3"]
[White "Matnadze, Ana"]
[Black "Khotenashvili, Bela"]
[Result "0-1"]
[WhiteTitle "IM"]
[BlackTitle "GM"]
[WhiteElo "2368"]
[BlackElo "2459"]
[WhiteTeam "Spain"]
[BlackTeam "Georgia"]
[WhiteFideId "13601377"]
[BlackFideId "13602640"]
[EventDate "2017.10.28"]

1. Nf3 d5 2. g3 g6 3. Bg2 Bg7 4. d4 Nf6 5. O-O O-O 6. b3 c5 7. Bb2 Ne4 8. e3 Nc6
9. Ne5 Qc7 10. Nxc6 bxc6 11. c4 Rd8 12. cxd5 cxd5 13. Qc2 Bf5 14. g4 Bxg4 15. f3
Nf6 16. Qxc5 Qb8 17. Nc3 Bd7 18. Qa5 Bf8 19. Ba3 Be8 20. Rfc1 h5 21. Rc2 Qc8 22.
Re1 h4 23. Rd2 h3 24. Bf1 Qf5 25. Rf2 Bd7 26. Nd1 Rdc8 27. Qd2 Rc7 28. Bc5 e5
29. Bxf8 Rxf8 30. dxe5 Qxe5 31. Bd3 Rfc8 32. Kf1 Bf5 33. Bxf5 Qxf5 34. Qd4 Rc2
35. Qf4 Qd3+ 36. Kg1 Rc1 37. Qd4 Qxd4 38. exd4 Nh5 39. Rd2 R8c2 40. Rxc2 Rxc2
41. Ne3 Rxa2 42. Nxd5 Rg2+ 43. Kh1 Rd2 44. Ne7+ Kg7 45. Nc6 Nf4 46. Ra1 a5 47.
Nxa5 Nd3 48. Kg1 Rg2+ 49. Kf1 Rxh2 50. Kg1 Rg2+ 51. Kf1 Nf4 0-1

[Event "21st European Teams Women"]
[Site "Hersonissos GRE"]
[Date "2017.11.04"]
[Round "7.2"]
[Board "4"]
[White "Melia, Salome"]
[Black "Calzetta Ruiz, Monica"]
[Result "1-0"]
[WhiteTitle "IM"]
[BlackTitle "WGM"]
[WhiteElo "2412"]
[BlackElo "2218"]
[WhiteTeam "Georgia"]
[BlackTeam "Spain"]
[WhiteFideId "13602446"]
[BlackFideId "2204185"]
[EventDate "2017.10.28"]

1. e4 e5 2. Bc4 Nf6 3. d3 c6 4. Nf3 d5 5. Bb3 Bd6 6. Nc3 dxe4 7. Ng5 O-O 8.
Ncxe4 Nxe4 9. Nxe4 Bf5 10. Qf3 Bxe4 11. dxe4 Nd7 12. O-O Nc5 13. Bc4 b5 14. Be2
Qe7 15. c3 Rfd8 16. g3 a5 17. h4 h6 18. Qg4 Qe6 19. Qxe6 Nxe6 20. a4 b4 21. Bc4
Bc5 22. Kg2 Rd6 23. Kf3 Rad8 24. Ke2 Bd4 25. Bxe6 bxc3 26. bxc3 Bxc3 27. Bxf7+
Kxf7 28. Ra2 Rd4 29. Rc2 Rxe4+ 30. Be3 Bd4 31. Kf3 Bxe3 32. Kxe4 1-0

[Event "21st European Teams Women"]
[Site "Hersonissos GRE"]
[Date "2017.11.04"]
[Round "7.3"]
[Board "1"]
[White "Muzychuk, Anna"]
[Black "Socko, Monika"]
[Result "1-0"]
[WhiteTitle "GM"]
[BlackTitle "GM"]
[WhiteElo "2576"]
[BlackElo "2479"]
[WhiteTeam "Ukraine"]
[BlackTeam "Poland"]
[WhiteFideId "14111330"]
[BlackFideId "1106619"]
[EventDate "2017.10.28"]

1. e4 e6 2. d4 d5 3. Nc3 Bb4 4. e5 Ne7 5. a3 Bxc3+ 6. bxc3 c5 7. Qg4 Qc7 8. Qxg7
Rg8 9. Qxh7 cxd4 10. Qd3 dxc3 11. Ne2 Bd7 12. Qxc3 Nbc6 13. f4 Nf5 14. Rb1 Rc8
15. Bd2 b6 16. g3 d4 17. Qd3 Nce7 18. Nxd4 Nxd4 19. Qxd4 Qc6 20. Rg1 Nf5 21. Qd3
Qc5 22. Rg2 a5 23. Rb3 Ke7 24. Be3 Nxe3 25. Qxe3 Qxe3+ 26. Rxe3 Ba4 27. c3 Rc5
28. Rb2 b5 29. Be2 Rgc8 30. Kd2 Rh8 31. h4 Rd5+ 32. Rd3 Rxd3+ 33. Bxd3 Rg8 34.
Bxb5 Bxb5 35. Rxb5 Rxg3 36. Rxa5 Rh3 37. Ra7+ Ke8 38. Ra4 Kd7 39. Ra7+ Ke8 40.
a4 Rxh4 41. Ke3 Rh3+ 42. Kd4 Rf3 43. a5 Rxf4+ 44. Kc5 Kd8 45. a6 Rf1 46. Kd6
Rd1+ 47. Kc6 Ra1 48. c4 Ra2 49. c5 Ra1 50. Rd7+ Kc8 51. a7 1-0

[Event "21st European Teams Women"]
[Site "Hersonissos GRE"]
[Date "2017.11.04"]
[Round "7.3"]
[Board "2"]
[White "Zawadzka, Jolanta"]
[Black "Zhukova, Natalia"]
[Result "1/2-1/2"]
[WhiteTitle "WGM"]
[BlackTitle "GM"]
[WhiteElo "2422"]
[BlackElo "2426"]
[WhiteTeam "Poland"]
[BlackTeam "Ukraine"]
[WhiteFideId "1122320"]
[BlackFideId "14101513"]
[EventDate "2017.10.28"]

1. e4 e5 2. Nf3 Nc6 3. Bb5 a6 4. Ba4 Nf6 5. O-O Be7 6. Re1 b5 7. Bb3 d6 8. c3
O-O 9. h3 Bb7 10. d4 Re8 11. Ng5 Rf8 12. Nf3 Re8 13. Nbd2 Bf8 14. a3 h6 15. d5
Nb8 16. Nh2 Nbd7 17. Qf3 Bc8 18. Ndf1 a5 19. Bc2 a4 20. Ng4 Nxg4 21. hxg4 Be7
22. g3 Rb8 23. Kg2 Bg5 24. Ne3 Nb6 25. Rh1 Bd7 26. Qe2 c6 27. dxc6 Bxc6 28. Nf5
Bxc1 29. Raxc1 Re6 30. Rcd1 Rg6 31. f3 Rb7 32. Bd3 Nd7 33. Rd2 Nc5 34. Bc2 Rd7
35. Rhd1 Qb8 36. Qe3 Qf8 37. Kh3 Qd8 38. Re2 Ne6 39. Kh2 Nc5 40. Bb1 Ne6 41.
Red2 Nc7 42. Ba2 Kh8 43. Kg2 Kh7 44. Nh4 Rf6 45. g5 hxg5 46. Qxg5 Bxe4 47. Qg4
Bb7 48. Rh1 Kg8 49. Nf5 Rxf5 50. Qxf5 Qf6 51. Qxf6 gxf6 52. Kf2 d5 53. Bb1 Ne8
54. Rh4 Nd6 55. Ba2 Bc6 56. Rh5 Kg7 57. Rd1 Nc4 58. Bxc4 bxc4 59. f4 Re7 60. Re1
Rb7 61. Re2 Kg6 62. g4 Bd7 63. Kg3 d4 64. fxe5 Rb3 65. exf6 dxc3 66. bxc3 Rxc3+
67. Kf4 Rxa3 68. Rh8 Kxf6 69. Rg8 Be6 70. g5+ Ke7 71. g6 Ra1 72. g7 Rg1 73. Kf3
Kf6 74. Rf2 c3 75. Ke4+ Ke7 76. Kd3 Rg3+ 77. Kd4 a3 78. Ra8 Rxg7 1/2-1/2